000 00259nam a22001097a 4500
003 OSt
005 20260217143143.0
008 210122b ||||| |||| 00| 0 eng d
082 _a621.902
_bMAC/VA
245 _aValve gear for hydraulic machine tools
942 _cBK
999 _c16867
_d16867